Zespoły Formuły 1 w 2024 roku - Statystyki

Ogólne statystyki
  • Ten quiz został rozwiązany 14 razy
  • Średni wynik to 9 z 10
Statystyki odpowiedzi
Zespół % Poprawnych
McLaren
100%
Mercedes
100%
Red Bull
100%
Ferrari
92%
Sauber
85%
Aston Martin
77%
Haas
77%
RB
77%
Williams
77%
Alpine
69%
Nie znaleziono quizów pasujących do podanych kryteriów
Rozkład punktacji
Procent ludzi z każdym wynikiem
Percentyl według liczby udzielonych odpowiedzi
Twoja historia wyników
Nie rozwiązałeś tego quizu